Probleme und Konsequenzen einer Stromrationierung

Salvato in:
Dettagli Bibliografici
Autore principale: Widrig, Ernst
Natura: Libro
Lingua:tedesco
Pubblicazione: Grüsch Verlag Rüegger 1988
Serie:Schweizerisches Institut für Aussenwirtschafts-, ... an der Hochschule St. Gallen Band 18
Soggetti:
Tags: Aggiungi Tag
Nessun Tag, puoi essere il primo ad aggiungerne!!

MARC

LEADER 00000nam a2200000 4500
001 c100899
005 20240417123223.1
020 |a 3-7253-0334-7 
041 0 |a ger 
044 |a CH 
245 1 0 |a Probleme und Konsequenzen einer Stromrationierung  |c Ernst Widrig 
264 1 |a Grüsch  |b Verlag Rüegger  |c 1988 
300 |a 707 s. 
490 1 |a Schweizerisches Institut für Aussenwirtschafts-, ... an der Hochschule St. Gallen  |v Band 18 
830 0 |a Schweizerisches Institut für Aussenwirtschafts-, ... an der Hochschule St. Gallen  |v Band 18 
610 2 0 |a elektrina 
610 2 0 |a elektrárne 
610 2 0 |a energia 
610 2 0 |a spotreba energie 
610 2 0 |a výroba energie 
610 2 0 |a ropa 
610 2 0 |a kríza energetická 
610 2 0 |a štúdie prípadové 
610 2 0 |a obchod 
610 2 0 |a služby 
610 2 0 |a poľnohospodárstvo 
610 2 0 |a infraštruktúra 
610 2 0 |a zamestnanosť 
610 2 0 |a náklady 
610 2 0 |a opatrenia podniku úsporné 
610 2 0 |a Švajčiarsko 
100 1 |a Widrig, Ernst